[Event "Rhein Main op-B 22nd"]
[Site "Bad Homburg"]
[Date "2019.06.23"]
[Round "7"]
[White "Badan, Tarkan"]
[Black "Akhmatovski, Maxim"]
[Result "0-1"]
[WhiteElo "1445"]
[BlackElo "1214"]
[PlyCount "70"]
[EventDate "2019.06.19"]
[EventType "swiss"]
[EventRounds "7"]
[EventCountry "GER"]
[SourceTitle "EXT 2020"]
[Source "ChessBase"]
[SourceDate "2019.10.17"]
[SourceVersion "1"]
[SourceVersionDate "2019.10.17"]
[SourceQuality "1"]

1. e4 e5 2. Nf3 Nc6 3. Nc3 Nf6 4. d3 d6 5. Be2 Be7 6. 0-0 0-0 7. d4 exd4 8. Nxd4 Ne5 9. f4 Ng6 10. b3 a6 11. Bb2 b5 12. a3 Bb7 13. Bd3 c5 14. Nde2 b4 15. axb4 cxb4 16. Nd5 Nxd5 17. exd5 Bf6 18. Bxf6 Qxf6 19. Qd2 a5 20. Be4 Rfe8 21. Ng3 Nf8 22. Rfe1 Nd7 23. Bf5 Rxe1+ 24. Rxe1 Nc5 25. Qe3 g6 26. Ne4 Qxf5 27. Nxd6 Qxd5 28. Nxb7 Nxb7 29. Qe7 Qc5+ 30. Kf1 Qxe7 31. Rxe7 Nd6 32. Re5 a4 33. bxa4 Rxa4 34. Rc5 Ne4 35. Rb5 Ra1+ 0-1

[Event "Rhein Main op-B 22nd"]
[Site "Bad Homburg"]
[Date "2019.06.22"]
[Round "6"]
[White "Barth, Horst"]
[Black "Badan, Tarkan"]
[Result "1/2-1/2"]
[WhiteElo "1193"]
[BlackElo "1445"]
[PlyCount "90"]
[EventDate "2019.06.19"]
[EventType "swiss"]
[EventRounds "7"]
[EventCountry "GER"]
[SourceTitle "EXT 2020"]
[Source "ChessBase"]
[SourceDate "2019.10.17"]
[SourceVersion "1"]
[SourceVersionDate "2019.10.17"]
[SourceQuality "1"]

1. c4 e6 2. Nc3 Nf6 3. d4 d5 4. c5 Nc6 5. Nf3 Qe7 6. Bf4 a6 7. e3 g6 8. Bd3 Bg7 9. h3 0-0 10. a3 Nh5 11. Bh2 e5 12. Nxd5 Qd8 13. Nb4 Nxb4 14. axb4 exd4 15. e4 Nf6 16. 0-0 c6 17. Re1 Re8 18. Qd2 Kh8 19. Bf4 b6 20. Ne5 Be6 21. Nxc6 Qd7 22. Ne5 Qc8 23. Rec1 bxc5 24. Rxc5 Qb7 25. Rac1 Nxe4 26. Rc7 Qxc7 27. Bxe4 Qe7 28. Bxa8 Rxa8 29. Qxd4 h6 30. Qb6 Bd5 31. Re1 Qa7 32. Qd6 Qb7 33. f3 Kh7 34. Rd1 Be6 35. Rd2 Bf8 36. Qd4 Bxb4 37. Re2 Rc8 38. Qe4 Qxe4 39. Rxe4 Bf8 40. Ra4 Ra8 41. Nd3 Bd7 42. Ra1 Bb5 43. Ne5 Ra7 44. Be3 Bg7 45. Bxa7 Bxe5 1/2-1/2

[Event "Bad Soden U18 op 5th"]
[Site "Bad Soden"]
[Date "2018.10.02"]
[Round "7.10"]
[White "Badan, Tarkan"]
[Black "Rakhletskyy, Bobdan"]
[Result "1-0"]
[WhiteElo "1112"]
[BlackElo "796"]
[PlyCount "89"]
[EventDate "2018.09.30"]
[EventType "swiss"]
[EventRounds "9"]
[EventCountry "GER"]
[SourceTitle "EXT 2020"]
[Source "ChessBase"]
[SourceDate "2019.10.17"]
[SourceVersion "1"]
[SourceVersionDate "2019.10.17"]
[SourceQuality "1"]

1. e4 e5 2. Nf3 Nc6 3. d4 d6 4. d5 Na5 5. Bd2 b6 6. Nc3 c6 7. Bd3 Nf6 8. a3 Bg4 9. b4 Nb7 10. dxc6 Nc5 11. bxc5 dxc5 12. Be2 Bd6 13. 0-0 0-0 14. Be3 Rc8 15. Qd3 Rxc6 16. Nd5 Nxd5 17. exd5 Rc7 18. Bg5 Qd7 19. a4 Bf5 20. Qd2 h6 21. Bh4 Bg4 22. a5 b5 23. Rab1 a6 24. Qe3 Re8 25. Nd2 Bxe2 26. Qxe2 Be7 27. Bxe7 Rxe7 28. c4 bxc4 29. Qxc4 Qc8 30. Rb6 Ra7 31. Ne4 Qc7 32. d6 Qd8 33. dxe7 Qxe7 34. Nxc5 Qe8 35. Nxa6 e4 36. Rb8 Qxb8 37. Nxb8 Rxa5 38. Qxe4 Rb5 39. Qe8+ Kh7 40. Qxb5 g6 41. Rc1 Kg7 42. Qe8 h5 43. Rc7 g5 44. Qxf7+ Kh6 45. Qf6# 1-0